000 02636cam a22005654i 4500
003 PE-LiUPU
005 20250731180111.0
008 171030s2017 pe a rb 000 0 spa d
020 _a9786120005774
035 _a(Sirsi) a239929
040 _aPE-LiUPU
_bspa
_cPE-LiUPU
_erda
049 _aPRUA
082 0 4 _a526.9
_bM42 2017
100 1 _aMendoza Dueñas, Jorge,
_eautor.
245 1 0 _aTopografía :
_btécnicas modernas /
_cJorge Mendoza Dueñas.
264 1 _aLima:
_bMaraucano
_c2017.
300 _a692 páginas :
_bilustraciones ;
_c22 centímetros.
336 _atext
_2rdacontent
337 _aunmediated
_2rdamedia
338 _avolume
_2rdacarrier
504 _aBibliografía : páginas 692.
526 _aSEG44
526 _aSEG26
526 _aP159
526 _aP155
526 _aP154
526 _aP153
526 _aP150
526 _aP100
526 _aP31
526 _aP30
526 _aP26
526 _aP25
526 _aP24
526 _aP22
526 _aP15
526 _aP10
526 8 _iPrograma académico :
_5PE-LIPU
505 0 _aGeneralidades -- Teoría de observaciones -- Equipos básicos de altimetría -- Altimetría -- El teodolito --Medida de ángulos y direcciones -- La brújula -- Medición de distancias -- Equipos en la medición de distancias --Redes de apoyo planimétricos -- Taquimetría -- Ajuste en los circuitos topográficos aplicando el método de mínimos cuadrados -- Análisis de los errores accidentales en las mediciones topográficas (angulares y lineales) -- Métodos planimétros y sus errores accidentales -- Diseño geométrico de carreteras -- Principios básicos de geodesia y cartografía.
541 _g0001-0042197;
650 1 4 _aTopografía.
650 2 4 _aTaquimetría.
910 _adbm
_bjpc
_cjpc
_d20171030
942 _2ddc
_cBOOK
994 _aC0
_bPEPRU
596 _a1
999 _a526.9 M42 2017
_wDEWEY
_c25583
_i76375
_d25583
_e2018-11-15
_f2021-11-9
_g4
_lCCODEBUL1
_mBUL
_n7
_p13.00
_q1
_r0
_sY
_tBOOK
_u2017-10-30
_xINGENIERIA
_PP25
_0COMPRA
_o.STAFF. Colección Ingeniería y Arquitectura
999 _a526.9 M42 2017
_wDEWEY
_c2
_i76376
_d2019-3-11
_e2019-3-8
_f2021-11-9
_g4
_lCCODEBUL1
_mBUL
_n3
_p13.00
_q1
_r0
_sY
_tBOOK
_u2017-10-30
_xINGENIERIA
_PP25
_0COMPRA
_o.STAFF. Colección Ingeniería y Arquitectura
999 _a526.9 M42 2017
_wDEWEY
_c3
_i76377
_d2022-5-23
_e2018-5-24
_f2021-11-9
_g4
_lCCODEBUL1
_mBUL
_n3
_p13.00
_q3
_r0
_sY
_tBOOK
_u2017-10-30
_xINGENIERIA
_PP25
_0COMPRA
_o.STAFF. Colección Ingeniería y Arquitectura
980 _81
_gALBERTO SANCHEZ Responsable de Automatización